Fluorine Chemistry Volume I
Gespeichert in:
| Weitere Verfasser: | |
|---|---|
| Format: | Buch |
| Sprache: | Englisch |
| Veröffentlicht: |
New York
Academic Press
1950
|
| Schlagworte: | |
| Online-Zugang: | Im OPAC anzeigen |
| Tags: |
Keine Tags, Fügen Sie das erste Tag hinzu!
|
MARC
| LEADER | 00000nam a2200000 a 4500 | ||
|---|---|---|---|
| 005 | 20260127134047.0 | ||
| 008 | 090312 1950 xxu 000 0 eng d | ||
| 035 | |a vtls009482778 | ||
| 039 | 9 | |a 200903121158 |b mschk03 |y 200903121158 |z mschk03 | |
| 040 | |a STUSCHK1 |b slo |c STUSCHK1 |e AACR2 | ||
| 080 | |a 547 | ||
| 080 | |a 661.48 | ||
| 245 | 1 | |a Fluorine Chemistry |n Volume I |c edited by J.H.Simons | |
| 260 | |a New York |b Academic Press |c 1950 | ||
| 300 | |a xvii, 615 s. |b il. |c 23,5 cm | ||
| 650 | 0 | |a fluoriny | |
| 650 | 0 | |a organická chémia | |
| 700 | 1 | |a Simons, J.H. |4 eds. | |
| 910 | |a SCHK95 | ||
| 999 | |c 3150 |d 3150 | ||